Statistics for 孤独星球TOP100最受欢迎旅游城市测试 TOP100 Most Popular Cities By Lonely Planet

Click here to take the quiz!

General Stats

  • This quiz has been taken 126 times
  • The average score is 60 of 100

Answer Stats

排名地区城市% Correct
1欧洲伦敦
98%
3欧洲巴黎
98%
4北美纽约
98%
72亚洲北京
97%
7亚洲东京
96%
68亚洲上海
96%
97非洲开罗
94%
5北美旧金山
94%
2北美洛杉矶
93%
9大洋洲悉尼
93%
11欧洲柏林
92%
34欧洲莫斯科
90%
8欧洲罗马
90%
22欧洲马德里
86%
16亚洲首尔
85%
44欧洲米兰
85%
47北美多伦多
84%
71亚洲曼谷
84%
18欧洲巴塞罗那
83%
6非洲开普敦
82%
12亚洲香港
82%
10北美芝加哥
82%
41南美里约热内卢
81%
23北美温哥华
81%
30欧洲雅典
80%
19欧洲里斯本
80%
67欧洲斯德哥尔摩
79%
26大洋洲墨尔本
79%
61欧洲赫尔辛基
78%
60亚洲雅加达
78%
56欧洲慕尼黑
78%
20欧洲圣彼得堡
78%
77欧洲维也纳
77%
64欧洲奥斯陆
76%
48亚洲伊斯坦布尔
76%
40北美墨西哥城
76%
39亚洲德里
75%
51欧洲华沙
75%
33南美布宜诺斯艾利斯
75%
27北美华盛顿
75%
38亚洲吉隆坡
74%
58欧洲汉堡
73%
14欧洲阿姆斯特丹
73%
36亚洲迪拜
72%
45欧洲布鲁塞尔
72%
21欧洲都柏林
72%
37亚洲台北
71%
35欧洲哥本哈根
71%
50北美迈阿密
71%
17北美西雅图
71%
13欧洲布达佩斯
70%
24欧洲布拉格
70%
93亚洲孟买
67%
95南美圣保罗
67%
42亚洲京都
66%
79欧洲鹿特丹
63%
28北美波士顿
63%
100亚洲胡志明市
63%
43北美费城
63%
49北美蒙特利尔
60%
15欧洲威尼斯
60%
91亚洲马尼拉
56%
57欧洲那不勒斯
55%
29北美拉斯维加斯
54%
32欧洲雷克雅未克
54%
53大洋洲布里斯班
53%
59亚洲耶路撒冷
52%
46欧洲爱丁堡
51%
62亚洲阿布扎比
49%
54欧洲波尔图
49%
74北美亚特兰大
48%
31欧洲弗洛伦萨
46%
96亚洲仰光
44%
73欧洲格拉斯哥
44%
70北美哈瓦那
41%
78欧洲波尔多
37%
25北美新奥尔良
37%
69北美檀香山
36%
98大洋洲阿德莱德
35%
92北美圣迭戈
33%
94欧洲巴伦西亚
31%
80欧洲尼斯
29%
66北美波特兰
29%
65亚洲特拉维夫
27%
76北美魁北克
26%
52欧洲克拉科夫
25%
63欧洲贝尔法斯特
19%
84北美坎昆
14%
85南美加拉加斯
13%
87欧洲毕尔巴鄂
13%
82欧洲牛津
13%
81北美奥斯汀
13%
99北美纳什维尔
13%
75非洲马拉喀什
6%
89欧洲布里斯托尔
4%
90欧洲巴斯
4%
55大洋洲霍巴特
4%
88欧洲圣塞瓦斯蒂安
3%
86北美萨凡纳
2%
83北美查尔斯顿
2%

Score Distribution

Percentile by Number Answered

Percent of People with Each Score

Your Score History

You have not taken this quiz